Leaders of Afghanistan by Picture - Statistics

General Stats
  • This quiz has been taken 22 times
  • The average score is 20 of 40
Answer Stats
Picture Hint Answer % Correct
2001-2014 Hamid Karzai
83%
2014-2021 Ashraf Ghani
78%
2021-Present Hibatullah Akhundzada
67%
1979 Hafizullah Amin
61%
1996-2001 Mullah Omar
61%
1747-1772 Ahmad Shah Durrani
56%
1978 Abdul Qadir
50%
1992 Abdul Rahim Hatif
50%
1880-1901 Abdur Rahman Khan
50%
1919-1929 | 1929 Amanullah Khan
50%
1979-1986 Babrak Karmal
50%
1992-2001 Burhanuddin Rabbani
50%
1826-1839 | 1843-1863 Dost Mohammad Khan
50%
1901-1919 Habibullah Khan
50%
1986-1987 Haji Mohammad Chamkani
50%
1929 Inayatullah Khan
50%
1973-1978 Mohammad Daoud Khan
50%
1929-1933 Mohammad Nadir Shah
50%
1987-1992 Mohammad Najibullah
50%
1933-1973 Mohammad Zahir Shah
50%
1978-1979 Nur Muhammad Taraki
50%
1803-1809 | 1839-1842 Shah Shujah Durrani
50%
1992 Sibghatullah Mojaddedi
50%
1929 Ali Ahmad Khan
44%
1879-1880 Ayub Khan
44%
1819-1823 Ayub Shah Durrani
44%
1929 Habibullāh Kalakāni
44%
1717-1725 Mahmud Hotak
44%
1801-1803 | 1809-1818 Mahmud Shah Durrani
44%
1866-1867 Mohammad Afzal Khan
44%
1867-1868 Mohammad Azam Khan
44%
1879 Mohammad Yaqub Khan
44%
1919 Nasrullah Khan
44%
1863-1866 | 1868-1879 Sher Ali Khan
44%
1823-1826 Sultan Mohammad Khan
44%
1772-1793 Timur Shah Durrani
44%
1793-1801 Zaman Shah Durrani
44%
1730-1738 Hussain Hotak
39%
1709-1715 Mirwais Hotak
39%
1842-1843 Wazir Akbar Khan
28%
No matching quizzes found
Score Distribution
Percent of People with Each Score
Percentile by Number Answered
Your Score History
You have not taken this quiz